Perpignan–Rivesaltes Airport Destinations (Perpignan, France) - Statistics

General Stats
  • This quiz has been taken 37 times
  • The average score is 6 of 11
Answer Stats
Airline Destination % Correct
Transavia Paris (Orly)
100%
Aer Lingus Dublin
79%
Ryanair London (Stansted)
79%
Volotea Lille
59%
Volotea Nantes
48%
Ryanair Marrakesh
45%
Ryanair Birmingham
41%
Ryanair Charleroi
41%
Ryanair Leeds/Bradford
34%
ASL Airlines France Oran
24%
Ryanair Agadir
17%
No matching quizzes found
Score Distribution
Percent of People with Each Score
Percentile by Number Answered
Your Score History
You have not taken this quiz